Nói chuyện về quản lý

Na minha lista:
Detalhes bibliográficos
Autor principal: V M Gluskov
Formato: Livro
Idioma:Undetermined
Publicado em: Hà Nội Lao Động 1978
Assuntos:
Tags: Adicionar Tag
Sem tags, seja o primeiro a adicionar uma tag!
Thư viện lưu trữ: Trung tâm Học liệu Trường Đại học Cần Thơ
LEADER 00495nam a2200169Ia 4500
001 CTU_11260
008 210402s9999 xx 000 0 und d
082 |a 658 
082 |b G567 
100 |a V M Gluskov 
245 0 |a Nói chuyện về quản lý 
245 0 |c V M Gluskov, G M Dobrov, V I Tereshenko; Dịch giả: Đỗ Mai 
260 |a Hà Nội 
260 |b Lao Động 
260 |c 1978 
650 |a management 
980 |a Trung tâm Học liệu Trường Đại học Cần Thơ